00397nam a2200169Ia 450000500170000000800410001702000150005808200170007310000180009024500180010825000080012626000250013430000110015950000250017065000120019570000200020720230720124825.0230524s9999 xx 000 0 und d a0074634542 a005.133bVEN aK.R.Venugopal 0aMastering C++ a1ST aNEW DELHIbTMHc1999 aXX;804 aQuantity Number: 12 aComp-Sc aRaj Kumar Bubby